LEADER 00931nam a22002531i 4500 001 991000597509707536 005 20041007082410.0 008 041108s1984 it a||||||||||||||||ita 035 $ab13244450-39ule_inst 035 $aARCHE-117600$9ExL 040 $aDip.to Studi Storici$bita$cA.t.i. Arché s.c.r.l. Pandora Sicilia s.r.l. 082 04$a747.2 100 1 $aThornton, Peter$0306567 245 13$aIl gusto della casa :$bstoria per immagini dell'arredamento 1620-1920 /$cPeter Thornton 260 $aMilano :$bMondadori,$c1984 300 $a405 p. :$bill. ;$c27 cm 440 3$aLe palme 650 4$aARREDAMENTO 907 $a.b13244450$b02-04-14$c12-11-04 912 $a991000597509707536 945 $aLE019 A 249 bis$g1$i2019000056533$lle019$nC. 1$o-$pE0.00$q-$rl$s- $t0$u2$v0$w2$x0$y.i13934004$z12-11-04 996 $aGusto della casa$9714502 997 $aUNISALENTO 998 $ale019$b12-11-04$cm$da $e-$fita$git $h3$i1 LEADER 01064nam a2200289 i 4500 001 991000839159707536 005 20020507174305.0 008 970806s1996 us ||| | eng 020 $a0821804588 035 $ab1076446x-39ule_inst 035 $aLE01303109$9ExL 040 $aDip.to Matematica$beng 082 0 $a519 084 $aAMS 92C20 100 1 $aMilton, John$0308340 245 10$aDynamics of small neural populations /$cJohn Milton 260 $aProvidence, R.I. :$bAmerican Mathematical Society,$cc1996 300 $axviii, 125 p. :$bill. ;$c27 cm. 490 0 $aCRM monograph series, ISSN 10658599 ;$v7 500 $aIncludes bibliographical references (p. 115-125) 650 4$aNeurons-mathematical models 907 $a.b1076446x$b23-02-17$c28-06-02 912 $a991000839159707536 945 $aLE013 92C MIL11 (1996)$g1$i2013000089935$lle013$o-$pE0.00$q-$rl$s- $t0$u0$v0$w0$x0$y.i10859998$z28-06-02 996 $aDynamics of small neural populations$9923232 997 $aUNISALENTO 998 $ale013$b01-01-97$cm$da $e-$feng$gus $h0$i1